MARC

LEADER 00000nam0a2200000 4500
001 268700
005 20231101234206.0
035 |a (RuTPU)RU\TPU\book\291853 
090 |a 268700 
100 |a 20140906d1987 km y0rusy50 ca 
101 0 |a rus 
102 |a RU 
105 |a a z 000zb 
200 1 |a П. Оссовский  |e альбом  |f С. Бестужева 
210 |a Москва  |c Советский художник  |d 1987 
215 |a 144 с.  |c ил. 
225 1 |a Мастера советского искусства 
600 1 |a Оссовский  |b П. П.  |g Петр Павлович  |c российский живописец  |f 1925-  |2 stltpush  |3 (RuTPU)RU\TPU\pers\12322 
606 1 |a Живописцы  |2 stltpush  |3 (RuTPU)RU\TPU\subj\10834  |9 37852 
610 1 |a искусство 
610 1 |a художники 
610 1 |a пейзажная живопись 
610 1 |a история 
610 1 |a 20 век 
610 1 |a альбомы 
675 |a 75.071  |v 3 
700 1 |a Бестужева  |b С.  |g Светлана 
801 1 |a RU  |b 63413507  |c 20140906 
801 2 |a RU  |b 63413507  |c 20170221  |g RCR 
942 |c BK